000 03693cam a22004454a 4500
999 _c27998
_d27998
001 14000478
005 20170213111209.0
008 050613s2006 njua b 001 0 eng
010 _a 2005049252
020 _a0691124752 (cloth : alk. paper)
020 _a0691124760 (pbk. : alk. paper)
020 _a9780691124759
020 _a9780691124766
035 _a(OCoLC)ocm60669116
042 _apcc
043 _ae------
050 0 0 _aN7850 .M56 2006
245 0 4 _aThe mind's eye :
_bart and theological argument in the Middle Ages /
_cedited by Jeffrey F. Hamburger and Anne-Marie Bouché.
260 _aPrinceton, N.J. :
_bDepartment of Art and Archaeology, Princeton University in association with Princeton University Press,
_cc2006.
300 _axiv, 447 p. :
_bill. ;
_c29 cm.
504 _aIncludes bibliographical references and index.
505 0 _aThe place of theology in medieval art history: problems, positions, possibilities / Jeffrey F. Hamburger -- Anthropology and the use of religious images in the Opus Caroli Regis (Libri Carolini) / Karl F. Morrison -- Replica: images of identity and the identity of images in prescholastic France / Brigitte Miriam Bedos-Rezak -- Is there a theology of the Gothic cathedral? a re-reading of Abbot Suger's writings on the abbey church of St.-Denis / Andreas Speer -- Christ and the vision of God: the Biblical diagrams of the Codex Amiatinus / Celia Chazelle -- Raban Maur, Bernard de Clairvauz, Bonaventure: expression de l'espace et topographie spirituelle dans les images médiévales / Christian Heck -- Typology and its uses in the moralized Bible / Christopher Hughes -- L'Exception corporelle: à propos de l'Assomption de Marie / Jean-Claude Schmitt -- Theologians as Trinitarian iconographers / Bernard McGinn -- Seeing and seeing beyond: the mass of St. Gregory in the fifteenth century / Caroline Walker Bynum -- Porous subject matter and Christ's haunted infancy / Alfred Acres -- Love's arrows: Christ as cupid in late medieval art and devotion / Barbara Newman -- Moving images in the mind's eye / Mary Carruthers -- Vox Imaginis: anomaly and enigma in Romanesque art / Anne-Marie Bouché -- Seeing as action and passion in the thirteenth and fourteenth centuries / Katherine H. Tachau -- "As far as the eye can see...": rituals of gazing in the late middle ages / Thomas Lentes -- the medieval work of art: wherein the "work"? wherein the "art"? / Jeffery R. Hamburger -- Turning a blind eye: medieval art andt he dynamics of contemplation / Herbert L. Kessler.
546 _aTwo contributions in French.
650 0 _aArt, Medieval.
650 0 _aChristian art and symbolism
_yMedieval, 500-1500.
650 0 _aChristianity and art
_zEurope.
650 0 _aImage (Theology)
650 0 _aTheology.
700 1 _aHamburger, Jeffrey F.,
_d1957-
700 1 _aBouché, Anne-Marie.
856 4 2 _3Contributor biographical information
_uhttp://www.loc.gov/catdir/enhancements/fy0654/2005049252-b.html
856 4 2 _3Publisher description
_uhttp://www.loc.gov/catdir/enhancements/fy0654/2005049252-d.html
856 4 1 _3Table of contents only
_uhttp://www.loc.gov/catdir/enhancements/fy0801/2005049252-t.html
942 _2lcc
_cBOOKS